[Event "ROM-ch U12"]
[Site "Calimanesti Caciulata"]
[Date "2019.04.18"]
[Round "5"]
[White "Dorodici, Martin Alexandru"]
[Black "Mihaescu Duta, Vlad Stefan"]
[Result "1/2-1/2"]
[WhiteElo "1001"]
[BlackElo "1119"]
[PlyCount "77"]
[EventDate "2019.04.15"]
[EventType "swiss"]
[EventRounds "9"]
[EventCountry "ROU"]
[SourceTitle "CBM 190 Extra"]
[Source "ChessBase"]
[SourceDate "2019.07.15"]
[SourceVersion "1"]
[SourceVersionDate "2019.07.15"]
[SourceQuality "1"]

1. e4 d5 2. exd5 Qxd5 3. Nc3 Qd6 4. d4 c6 5. Bc4 Nf6 6. Nf3 Bg4 7. Be3 e6 8. a3 a5 9. 0-0 Qc7 10. h3 Bh5 11. Be2 Bd6 12. Nd2 Bxe2 13. Qxe2 Nbd7 14. b4 axb4 15. axb4 0-0 16. Rab1 Nd5 17. Nxd5 exd5 18. c4 dxc4 19. Nxc4 Rfe8 20. Qd3 Nf6 21. Nxd6 Qxd6 22. b5 Nd5 23. bxc6 bxc6 24. Rfe1 Ra3 25. Rb3 Nf4 26. Qc4 Rxb3 27. Qxb3 Qd5 28. Qxd5 cxd5 29. Bd2 Rxe1+ 30. Bxe1 Kf8 31. f3 Ke7 32. Kf2 f5 33. g4 fxg4 34. fxg4 Kf6 35. Kf3 g5 36. h4 h6 37. hxg5+ hxg5 38. Bd2 Ne6 39. Ke3 1/2-1/2

[Event "ROM-ch U10"]
[Site "Calimanesti"]
[Date "2018.04.02"]
[Round "8"]
[White "Mihaescu Duta, Vlad Stefan"]
[Black "Butolo, Alexandru Mircea"]
[Result "0-1"]
[WhiteElo "1120"]
[BlackElo "1471"]
[PlyCount "98"]
[EventDate "2018.03.27"]
[EventType "swiss"]
[EventRounds "9"]
[EventCountry "ROU"]
[SourceTitle "CBM 183 Extra"]
[Source "ChessBase"]
[SourceDate "2018.04.19"]
[SourceVersion "1"]
[SourceVersionDate "2018.04.19"]
[SourceQuality "1"]

1. c4 c5 2. Nc3 g6 3. g3 Bg7 4. Bg2 Nc6 5. Qc2 Nf6 6. Nf3 0-0 7. d3 d6 8. 0-0 e5 9. Bg5 h6 10. Bd2 Nh5 11. Qc1 Kh7 12. Nd5 Ne7 13. Ne3 f5 14. Nd1 f4 15. Nc3 g5 16. Ne1 Nc6 17. Be4+ Kh8 18. Nd5 Nd4 19. e3 Ne2+ 20. Kg2 Nxc1 21. Rxc1 Qd7 22. Kg1 Qh3 23. Bg2 Qd7 24. exf4 exf4 25. Bc3 g4 26. Be4 Bxc3 27. Rxc3 Qf7 28. Rc1 fxg3 29. hxg3 Nxg3 30. Rc2 Nxf1 31. Kxf1 g3 32. Nf3 Bh3+ 33. Ke1 g2 34. Ng1 Qe6 35. Nc7 Qd7 36. Nxa8 Rxa8 37. Re2 Re8 38. Nf3 Bg4 39. Kd2 Bxf3 40. Bxf3 Rxe2+ 41. Kxe2 g1R 42. Kd2 Qf5 43. Bxb7 Qxf2+ 44. Kc3 Rc1+ 45. Kb3 Qc2+ 46. Ka3 Qxd3+ 47. Ka4 Qxc4+ 48. Ka5 Qb4+ 49. Ka6 Qb6# 0-1

[Event "ROM-ch U10"]
[Site "Calimanesti"]
[Date "2018.03.28"]
[Round "2"]
[White "Carac, Radu Ionut"]
[Black "Mihaescu Duta, Vlad Stefan"]
[Result "1-0"]
[WhiteElo "1307"]
[BlackElo "1120"]
[PlyCount "73"]
[EventDate "2018.03.27"]
[EventType "swiss"]
[EventRounds "9"]
[EventCountry "ROU"]
[SourceTitle "CBM 183 Extra"]
[Source "ChessBase"]
[SourceDate "2018.04.19"]
[SourceVersion "1"]
[SourceVersionDate "2018.04.19"]
[SourceQuality "1"]

1. d4 d5 2. Nf3 Nf6 3. c4 c6 4. Nc3 Bf5 5. Bg5 Nbd7 6. e3 h6 7. Bh4 g5 8. Bg3 e6 9. c5 Rg8 10. Bd3 Ne4 11. Qc2 Ndf6 12. Be5 Nxc3 13. Bxf6 Qxf6 14. Qxc3 Bg4 15. Ne5 Bh5 16. Qc2 Bg7 17. g4 Bg6 18. Nxg6 fxg6 19. Bxg6+ Kd7 20. 0-0-0 Bf8 21. Bd3 Qf3 22. Qe2 Qf6 23. Rhf1 Be7 24. f4 Qg7 25. f5 e5 26. Qf2 Rgf8 27. Be2 e4 28. Qg3 Rf7 29. Rf2 Raf8 30. b4 Ra8 31. Bf1 a5 32. bxa5 Rxa5 33. Qb8 Ra3 34. Rb2 b5 35. Bxb5 Rxe3 36. Bxc6+ Kxc6 37. Qb7# 1-0

[Event "ROM-ch U10"]
[Site "Baile Felix"]
[Date "2017.02.09"]
[Round "9"]
[White "Saioc, David"]
[Black "Mihaescu Duta, Vlad Stefan"]
[Result "1-0"]
[WhiteElo "1182"]
[BlackElo "1054"]
[PlyCount "171"]
[EventDate "2017.02.02"]
[EventType "swiss"]
[EventRounds "9"]
[EventCountry "ROU"]
[SourceTitle "CBM 176 Extra"]
[Source "ChessBase"]
[SourceDate "2017.03.02"]
[SourceVersion "1"]
[SourceVersionDate "2017.03.02"]
[SourceQuality "1"]

1. e4 d5 2. exd5 Nf6 3. Bc4 Nxd5 4. Bxd5 Qxd5 5. Nf3 Qe6+ 6. Qe2 Qxe2+ 7. Kxe2 Bg4 8. d4 Bxf3+ 9. Kxf3 Nc6 10. Be3 Nb4 11. Na3 Nd5 12. Rhe1 e6 13. g3 Bb4 14. Re2 0-0 15. Kg2 c6 16. Kg1 Rfd8 17. Bd2 Be7 18. c4 Nf6 19. Nc2 c5 20. Bc3 a6 21. b3 h6 22. Rd1 Bf8 23. Red2 b5 24. Rd3 Ne4 25. f3 Ng5 26. Kh1 Nh3 27. Kg2 Ng5 28. h4 Nh7 29. Kh3 Nf6 30. g4 h5 31. g5 Ne8 32. f4 g6 33. d5 exd5 34. Rxd5 Rxd5 35. Rxd5 bxc4 36. bxc4 Nc7 37. Rd7 Ne6 38. Kg3 Rd8 39. Rxd8 Nxd8 40. Ne3 Ne6 41. f5 Bd6+ 42. Kf2 Nf4 43. fxg6 Nxg6 44. Nf5 Bb8 45. Ke3 Kf8 46. Ke4 Ke8 47. Kd5 Ba7 48. Kc6 Bb8 49. Ng7+ Ke7 50. Be1 Nf4 51. Bg3 f6 52. gxf6+ Kxf6 53. Nxh5+ Nxh5 54. Bxb8 Kf5 55. Kxc5 Kg4 56. Kb6 Kxh4 57. c5 Nf6 58. c6 Nd5+ 59. Kxa6 Kg5 60. c7 Nxc7+ 61. Bxc7 Kf6 62. Kb7 Ke7 63. a4 Ke6 64. a5 Kd5 65. a6 Kc4 66. Be5 Kb5 67. a7 Kc5 68. Bd4+ Kxd4 69. a8Q Ke5 70. Qe8+ Kf5 71. Qb5+ Ke6 72. Ka6 Kd6 73. Ka5 Ke6 74. Kb4 Kd6 75. Kc4 Ke6 76. Qc5 Kf6 77. Qd5 Kg6 78. Qe5 Kf7 79. Qd6 Ke8 80. Qc7 Kf8 81. Qd7 Kg8 82. Qe7 Kh8 83. Kd5 Kg8 84. Ke6 Kh8 85. Kf6 Kg8 86. Qg7# 1-0

[Event "ROM-ch U10"]
[Site "Baile Felix"]
[Date "2017.02.05"]
[Round "4"]
[White "Mihaescu Duta, Vlad Stefan"]
[Black "Soare, Andrei"]
[Result "0-1"]
[WhiteElo "1054"]
[BlackElo "1004"]
[PlyCount "152"]
[EventDate "2017.02.02"]
[EventType "swiss"]
[EventRounds "9"]
[EventCountry "ROU"]
[SourceTitle "CBM 176 Extra"]
[Source "ChessBase"]
[SourceDate "2017.03.02"]
[SourceVersion "1"]
[SourceVersionDate "2017.03.02"]
[SourceQuality "1"]

1. d4 d5 2. e3 Nf6 3. Bd3 Nc6 4. f4 Bg4 5. Nf3 e6 6. a3 Bd6 7. Nbd2 0-0 8. 0-0 Bf5 9. Ne5 Bxd3 10. Nxd3 Qe7 11. Nf3 Ne4 12. Qe1 f5 13. Nfe5 Bxe5 14. Nxe5 Nxe5 15. dxe5 Qc5 16. Qe2 Qc4 17. Qxc4 dxc4 18. h3 Rfd8 19. a4 Rd7 20. b3 c3 21. Ba3 Rad8 22. Bb4 Rd2 23. Rfc1 Re2 24. Re1 Rdd2 25. Rxe2 Rxe2 26. Rc1 Rxe3 27. Kh2 c5 28. Ba3 Re2 29. Bxc5 Nxc5 30. a5 Ne4 31. h4 Rf2 32. Kh3 Rxf4 33. g3 Rf3 34. Kg2 Rxg3+ 35. Kf1 Rh3 36. h5 Rh1+ 37. Ke2 Rxc1 38. Kd3 Ra1 39. b4 Ng3 40. h6 gxh6 41. Kxc3 f4 42. Kd2 f3 43. Ke3 Rc1 44. Kxf3 Rxc2 45. Kxg3 Re2 46. Kf4 h5 47. b5 h4 48. Kg4 Rxe5 49. Kxh4 Rxb5 50. Kg4 b6 51. axb6 axb6 52. Kf4 Rh5 53. Ke4 b5 54. Kd4 e5+ 55. Kc3 e4 56. Kd4 b4 57. Kxe4 b3 58. Kd3 Rc5 59. Kd4 b2 60. Kxc5 b1Q 61. Kd4 Qb5 62. Ke4 Qc5 63. Kd3 Qb4 64. Kc2 Qa3 65. Kd2 Qb3 66. Ke2 Qc3 67. Kf2 Qd3 68. Kg2 Qe3 69. Kf1 Qd2 70. Kg1 Qe2 71. Kh1 Kg7 72. Kg1 Kg6 73. Kh1 Kg5 74. Kg1 Kg4 75. Kh1 Kg3 76. Kg1 Qg2# 0-1